=LDR 00000nam 2200000 4500 =001 INLIS000000000011373 =005 20130612102937 =008 ***********************************Ind** =035 ##$$0010-061300000011373 =041 ##$$a Ind =082 ##$$a 372.6 =090 ##$$a 372.6, Sya i =100 ##$$a Syafi'i, Sudarmi =245 ##$$a Implimentasi kurikulum pendidikan dasar 1994 pel .Bahasa Indonesia untuk kelas 1 SD, H.J Sudarmi Syafi'ie =260 ##$$a 1994 $b Solo =300 ##$$a 48 hlm., 28 cm =650 ##$$a Pendidikan Dasar- Bahasa Indonesia =850 ##$$a NBPNMAT